MDQL
is popping MORE tags! Check the
thread
!
Quizzes
Events
Quiz Creation
Community
Videos
Private Events
Remove Ads
Sign In
Join for FREE
Feedback
Dark Mode
Quiz Categories
Sports
Geography
Music
Movies
Television
Just For Fun
Miscellaneous
History
Literature
Language
Science
Gaming
Entertainment
Religion
Holiday
For Kids
Quiz Lab
Recent
Popular Today
Quiz Kudos Today
Editor Picks
Curator Picks
Quizzes by...
Day
Popularity
Type
Ratings
Length
Year
Community
Subscriptions
Recent Discussions
Orange Saloon
Badges
Playlists
Quests
Create
Leaderboards
Showdown
Live 5
Trivia Bingo
Activity
Puzzle Library
Sporcle Events
Private Events
Virtual Trivia
Globe League
Become a Host
Pub Owners
SporcleCon
Opinionation
Our Games
Videos
Blog
Mobile Apps
Partnerships
Remove Ads and Go Orange
Feedback
Sports
Athletes
MLB
NBA
NHL
NFL
Soccer
Sports Teams
WWE
NCAA
Football
Premier League
Basketball
Baseball
Hockey
Golf
Tennis
Cricket
Rugby
Auto Racing
Olympics
World Cup
Sports
Athletes
MLB
NBA
NHL
NFL
Soccer
Sports Teams
WWE
NCAA
Football
Premier League
Basketball
Baseball
Hockey
Golf
Tennis
Cricket
Rugby
Auto Racing
Olympics
World Cup
Random Quiz
Search Sporcle
×
Quiz Lab
Quiz Lab
Sports
Premier League
Type in answers that appear in a list
Type in answers that appear in a list
Classic
Best Score? Go Orange.
Who knocked Man Utd out? Stats
Can you name the clubs who knocked Man Utd out of these competitions?
By
octoburn
10m
23 Questions
126 Plays
126 Plays
126 Plays
Comments
Comments
Give Quiz Kudos
Give Quiz Kudos
-
- Ratings
hide this ad
Forced Order
Answers have to be entered in order
Answers have to be entered in order
Replay
Link that replays current quiz
Next Quiz
Link to next quiz in quiz playlist
You Got
0%
They Got
Avg Score
49%
Avg Friend Score
Upgrade to see
Score Distribution
Jump to the score distribution portion of the page
Score
0/23
Timer
10:00
0
Plays Today
Competition
Club
% Correct
Champions League 2012/
2013
Real Madrid
92.9%
Capital One Cup 2012/
2013
Chelsea
72.2%
Europa League 2011/
2012
Athletic Bilbao
66.7%
Champions League 2010/
2011
Barcelona
64.3%
Champions League 2008/
2009
Barcelona
61.9%
Champions League 2009/
2010
Bayern Munich
61.9%
Champions League 2011/
2012
Basel
59.5%
FA Cup 2011/
2012
Liverpool
58.7%
FA Cup 2004/
2005
Arsenal
52.4%
FA Cup 2010/
2011
Manchester City
50.8%
FA Cup 2008/
2009
Everton
48.4%
Champions League 2006/
2007
Ac Milan
48.4%
Competition
Club
% Correct
FA Cup 2006/
2007
Chelsea
46%
FA Cup 2009/
2010
Leeds United
44.4%
FA Cup 2007/
2008
Portsmouth
42.1%
Champions League 2005/
2006
Benfica
40.5%
Carling Cup 2010/
2011
West Ham United
36.5%
FA Cup 2005/
2006
Liverpool
35.7%
Champions League 2004/
2005
Milan
35.7%
Carling Cup 2004/
2005
Chelsea
34.9%
Carling Cup 2011/
2012
Crystal Palace
31.7%
Carling Cup 2007/
2008
Coventry City
25.4%
Carling Cup 2006/
2007
Southend United
19.8%
Quiz Playlist
Details
Report
Send in Message
Add To Playlist
Classic:
Type in answers that appear in a list
Forced Order:
Answers have to be entered in order
Last Updated: Feb 16, 2017
Quiz Scoreboard
CHALLENGE
Sign Up to Join the Scoreboard
Show All
Scores
Hide
Comments
May contain spoilers
Recently Published
1-10 Letter E Words III
by El_Dandy
Language
2m
Street Fighter Characters
by Artimus82
Gaming
60s
College Basketball Coaching Resumes
by pancakes188
Sports
9m
More to Explore
Quiz From the Vault
Featured Blog Post
Where Did the Easter Bunny Come From?
hide this ad
You Might Also Like...
Tags
Premier League Quiz
Soccer Quiz
competition
Manchester United
UEFA Champions' League
Today's Top Quizzes in Sports
Browse Sports
hide this ad
Today's Top Quizzes in Premier League
Browse Premier League
Top Contributed Quizzes in Sports
1
2022 World Cup Stars
2
Les meilleurs buteurs des matchs entre le PSG et l’OM
3
FIFA Club World Cup Champions
4
Les entraîneurs de l'OM et du PSG au 21e siècle
5
Criteria MLB: Left Handed Sluggers
6
2023 MLB Unique Player Accomplishments
7
AFC Teams Reveal (Wrong Answers Minefield)
8
Players with Multiple 50 Home Run Seasons
9
5-to-1: FBS Animal Nicknames
10
5-to-1: UK Sports Teams
Explore More
Trending Topics
Harry Potter
Crossword
Marvel
Kpop
Anime
Disney
NBA
Puzzle
Soccer
Song
WWE
The Office
Country
Pokémon
NFL
hide this ad
More By:
octoburn
Quiz
Plays
Rating
Category
Featured
Created
Formula 1: Where they started?
4,164
4.71
Sports
Mar 1, 2013
Friends Trivia
2,522
4.53
Television
May 3, 2012
F1 driver by his last victory
882
5.00
Sports
Apr 26, 2012
F1 podiums
856
2.33
Sports
Apr 25, 2012
Chelsea scorers under Abramovich
518
4.00
Sports
May 2, 2012
Go to Creator's Profile
Score Distribution
Quiz Creator Spotlight
octoburn
Follow
Send a Message
Quizzes Created
-
Created Quiz Play Count
-
More By This Creator
Popular Quizzes Today
1
Find the US States - No Outlines Minefield
2
Find the Countries of Europe - No Outlines Minefield
3
The Countries of the World
4
Find the US States
5
Risky Map Clicking: Biggest States A-Z
6
US States
7
Popular People in 1961
8
Movies - When Are They Set?
More Sports Quizzes
Premier League Bad Boys A-Z
Curator's Pick
Trending Quizzes
Risky Map Clicking: Least Populous States A-Z
Billboard Blitz: Aretha Franklin
1-10 Letter G Words
Countries of the World: 200 Million BC
1-10 Letter F Words
Recently Updated
Leaping Animals
pecheneg
Reality TV Shows (A-Z)
bhenderson79
Rickey Henderson's Hall of Fame Teammates
pecheneg
Champions League XIs: Arsenal
pecheneg
Quick Pick: Celebrities in WWE's Hall of Fame
aduchscher
A-Z Keypad Blitz II
pecheneg
Multiple Oscar Actors
pecheneg
Mystery Phrase Blitz: Oscar 'Best Actors'
pecheneg
F. Scott Fitzgerald Novels
LTH
Pick 3 Villains
ddd62291
Trending Topics
Anime
Marvel
Harry Potter
Kpop
NBA
Disney
Crossword
The Office
WWE
Country
NFL
Soccer
Pokémon
Puzzle
Song
Your Account Isn't Verified!
In order to create a playlist on Sporcle, you need to verify the email address you used during registration. Go to your
Sporcle Settings
to finish the process.
Report this User
Report this user for behavior that violates our
Community Guidelines
.
Details:
Send Report
Go to the Sporcle.com Mobile Site →
Comments